Σημειώσεις επί των μέσων εκμηχανίσεως των δομικών έργων
Αποθηκεύτηκε σε:
| Κύριος συγγραφέας: | |
|---|---|
| Μορφή: | Βιβλίο |
| Γλώσσα: | Greek |
| Δημοσίευση: |
Αθήνα :
Πελεκάνος,
1988
|
| Θέματα: | |
| Ετικέτες: |
Προσθήκη ετικέτας
Δεν υπάρχουν, Καταχωρήστε ετικέτα πρώτοι!
|
MARC
| LEADER | 00000nam a2200000 i 4500 | ||
|---|---|---|---|
| 001 | 1/98135 | ||
| 008 | 950307s1988 gre d | ||
| 035 | |l 10010823 | ||
| 040 | |a GR-MY-UA |b gre |e aacr | ||
| 041 | 0 | |a gre | |
| 082 | 0 | |a 624 | |
| 100 | 1 | |a Εφραιμίδης, Χαράλαμπος Ι. | |
| 245 | 1 | 0 | |a Σημειώσεις επί των μέσων εκμηχανίσεως των δομικών έργων / |c Χ.Ι. Εφραιμίδη |
| 260 | |a Αθήνα : |b Πελεκάνος, |c 1988 | ||
| 300 | |a 440 σ. | ||
| 650 | 0 | 0 | |a Structural analysis (Engineering) |
| 650 | 0 | 0 | |a Machinery. |
| 650 | 0 | 0 | |a Construction equipment. |
| 852 | |a INST |b LESVOS |e 19950307 |h 624 ΕΦΡ |p 005100002591 |q 005100002591 |t BK |y 0 | ||
| 909 | |a Λ |b 013703 | ||
| 922 | |a 1ΕΛΗ |b 198912 |c ΠΠ/7104 | ||